The maverick and his machine : Thomas Watson, Sr., and the making of IBM

Сохранить в:
Библиографические подробности
Главный автор:  Maney, Kevin
Формат: Sách
Язык:Undetermined
Опубликовано:  J. Wiley & Sons  2003
Предметы:
Метки: Добавить метку
Нет меток, Требуется 1-ая метка записи!
Thư viện lưu trữ: Trung tâm Thư viện - Trường Đại học Công nghiệp TP. Hồ Chí Minh
LEADER 00540nam a2200157Ia 4500
001 UIH_04036
008 231011s9999 xx 000 0 und d
082 |a  338.76092 
100 |a  Maney, Kevin 
245 0 |a  The maverick and his machine : Thomas Watson, Sr., and the making of IBM 
245 0 |c  Maney, Kevin 
260 |b  J. Wiley & Sons 
260 |c  2003 
650 |a  Công nghiệp máy tính; Doanh nhân;  
927 |a Sách 
980 |a Trung tâm Thư viện - Trường Đại học Công nghiệp TP. Hồ Chí Minh